00508nam a22001577a 450000500170000001000150001702000260003203500140005803700130007208200120008510000260009724500770012326000540020027000770025430000190033120220701155344.0 aENG-133417 a9789391370992c795.00 aEN-116749 bDBAD/PUB a327.101 aMukhopadhyay, Amartya aInternational Relations:bTheories and Approaches/cAmartya Mukhopadhyay aNew DelhibSage Publications India Pvt. Ltdc2021 aB1/I-I Mohan Cooperative Industrial Area Mathura RoadbNew Delhie110044 avp.c23cm(pbk)